Multimedial script of laboratory practices

Podrobná bibliografia
Hlavní autori: Bellan, I. (Author), Gutten, M. (Author), Kúdelčík, J. (Author), Tarjányiová, G. (Author), Virdzek, P. (Author)
Médium: Článok
Jazyk:English
Témy:
ISBN: 978-80-969124-4-5
Zdroj: 1. 15th Conference of Slovak physicists 1. Košice : Slovak Physical Society, 2007 1. 978-80-969124-4-5 1. S. 121-122
LEADER 01094naa a2200373 a 4500
001 000085196
003 SVKKK
005 20070807110053.0
008 050331c2007 xo e eng
FMT
015 |a SNBRA2007/08-ccccc 
038 |a SVKKK 
040 |a SVKKK  |b slo  |e AACR2 
041 0 |a eng 
044 |a xo  |c SK 
080 |a 004.032.6:371.671  |2 1997 
080 |a 371.671:53  |2 1997 
242 1 0 |a Multimediálne skriptum pre laboratórne cvičenia 
245 0 0 |a Multimedial script of laboratory practices  |c M. Gutten ... [et al.] 
300 |b Obr. 
504 |a Bibliogr. odkazy 
650 0 4 |a učebnice vysokoškolské multimediálne  |x cvičenia laboratórne  |x fyzika  |x elektrotechnika 
700 1 |a Bellan, I.  |4 aut 
700 1 |a Gutten, M.  |4 aut 
700 1 |a Kúdelčík, J.  |4 aut 
700 1 |a Tarjányiová, G.  |4 aut 
700 1 |a Virdzek, P.  |4 aut 
773 0 |t 15th Conference of Slovak physicists  |d Košice : Slovak Physical Society, 2007  |z 978-80-969124-4-5  |g S. 121-122 
958 |a NB 
992 |a RZB 
BAS
852 |a SVKKK  |b BIB 
EXP
998 |a HUT